000 01020cam a2200313 i 4500
999 _c43435
_d43435
001 17654091
005 20180921080545.0
008 130311t20132013nyua b 000 0 eng
010 _a 2013008179
020 _a9780393708240
020 _a0393708241
100 1 _aSkinner, W. J. Wayne,
_d1949-
245 1 0 _aMotivational interviewing for concurrent disorders /
_cWayne Skinner, Carolynne Cooper ; with Clive Chamberlain.
260 _aNew York ;
_bW.W. Norton & Company,
_cc2013.
264 4 _c©2013
300 _axv, 136 p. :
_bill. ;
_c19 cm.
_e1 videodisc (4 3/4 in.)
336 _atext
337 _aunmediated
338 _avolume
490 0 _aPsychotherapy essentials to go
500 _a"A Norton professional book".
504 _aIncludes bibliographical references (pages 133-136).
650 0 _aInterviewing in mental health.
650 0 _aInterviewing in psychiatry.
650 0 _aPsychotherapy.
700 1 _aCooper, Carolynne.
700 1 _aChamberlain, Clive.
942 _2lcc
_cBK